000 00441nam a2200157Ia 4500
008 190516s9999 xx 000 0 und d
100 _aMarticio, Marie Tonette Grace
245 _aSouthern Leyte opens malasakit center/
245 _cMarie Tonette Grace Marticio
260 _bManila Bulletin
260 _c2018
300 _aSeptember 24
440 _aManila Bulletin
650 _aHealth center
650 _aSouthern Leyte (Visayas)
999 _c361857
_d361857